Filípicas

Shranjeno v:
Bibliografske podrobnosti
Glavni avtor: Cicerón, Marco Tulio (autor)
Format: Knjiga
Jezik:španščina
Izdano: Santiago Ercilla 1988
Serija:Las más grandes obras del conocimiento, 23
Teme:
Oznake: Označite
Brez oznak, prvi označite!

MARC

LEADER 00000nam a2200000 a 4500
001 UCW9012
003 CL-VaPUC
008 881122e19880000CL |||||||||||||||||spa|d
082 0 4 |a 937  |b CIC  |2 21 
100 |a Cicerón, Marco Tulio  |e autor  |9 255203 
245 1 0 |a Filípicas 
300 |a 127 p 
942 |c BK 
945 |d 19881122 00:00:00 
260 |a Santiago  |b Ercilla  |c 1988 
500 |a Acompaña a Revista Ercilla 
650 0 |a Historia  |9 255047 
651 0 |a Roma   |9 255106 
583 |a last modification  |c 19881122 00:00:00  |k Rodrigo Vera 
490 0 |a Las más grandes obras del conocimiento, 23 
999 |c 221114  |d 221112